Countries with most Journalists Killed - Statistics

General Stats
  • This quiz has been taken 70 times
  • The average score is 13 of 20
Answer Stats
Hint Answer % Correct
78 Iraq
85%
17 Israel and Palestinian Territories
85%
161 Syria
85%
54 India
80%
76 Pakistan
78%
44 Yemen
78%
78 Afghanistan
76%
13` Turkey
73%
47 Brazil
65%
131 Mexico
65%
13 Nigeria
65%
28 Colombia
62%
57 Somalia
62%
28 Ukraine
62%
24 Libya
55%
22 Bangladesh
49%
41 Honduras
47%
19 Guatemala
45%
12 Haiti
44%
61 Philippines
33%
No matching quizzes found
Score Distribution
Percent of People with Each Score
Percentile by Number Answered
Your Score History
You have not taken this quiz